000
00317nam a2200121Ia 4500
008
230303s9999 xx 000 0 und d
041
_a
eng
082
_a
621.3077 SMI
100
_a
Smiths ( S. Parker )
245
_a
Problems in Electrical Engineerng
260
_a
ND
_b
C.B.S Publisher and Distributor
365
_c
RS
999
_c
185821
_d
185821